Statistics for Car Brands by Parent Company

Click here to take the quiz!

General Stats

  • This quiz has been taken 37 times
  • The average score is 10 of 15

Answer Stats

Answer% Correct
Toyota Motor Corp
86%
Fiat Chrysler Automobiles
83%
General Motors
76%
General Motors
76%
Volkswagen Group
76%
Volkswagen Group
76%
Daimler AG
72%
Honda Motor Company
72%
BMW Group
69%
Fiat Chrysler Automobiles
69%
Ford Motor Co.
66%
Hyundai Motor Corp.
66%
Daimler AG
59%
BMW Group
52%
Geely Automobile
38%

Score Distribution

Percentile by Number Answered

Percent of People with Each Score

Your Score History

You have not taken this quiz